000 00336nam a2200121Ia 4500
008 231129s2011||||xx |||||||||||||| ||spa||
040 _bspa
082 _aDVD 01 MUS-01
245 0 _aTributo a la cultura [Videograbación]: Afro-negra-raizal palenquera
260 _c2011
264 _aBogotá: Ministerio de Cultura
942 _2ddc
_cBKS
999 _c25694
_d25694